El dialecto leonés / (Record no. 102274)

MARC details
000 -LEADER
campo de control de longitud fija 00774nam a2200217 i 4500
001 - NÚMERO DE CONTROL
campo de control 102274
003 - IDENTIFICADOR DE NÚMERO DE CONTROL
campo de control ES-MaACL
005 - FECHA Y HORA DE LA ÚLTIMA TRANSACCIÓN
campo de control 20231227062632.0
007 - CAMPO FIJO DE DESCRIPCIÓN FÍSICA--INFORMACIÓN GENERAL
campo de control de longitud fija t|
008 - DATOS DE LONGITUD FIJA--INFORMACIÓN GENERAL
campo de control de longitud fija 051107s1962 sp ||||1| spa d
100 1# - ENTRADA PRINCIPAL--NOMBRE DE PERSONA
Nombre de persona Menéndez Pidal, Ramón,
Fechas asociadas al nombre 1869-1968
9 (RLIN) 80315
245 13 - MENCIÓN DEL TÍTULO
Título El dialecto leonés /
Mención de responsabilidad, etc. Ramón Menéndez Pidal; prólogo, notas y apéndice de Carmen Bobes.
260 ## - PUBLICACIÓN, DISTRIBUCIÓN, ETC.
Lugar de publicación, distribución, etc. Oviedo :
Nombre del editor, distribuidor, etc. [s.n.],
Fecha de publicación, distribución, etc. 1962 (
Fabricante Imp. La Cruz)
300 ## - DESCRIPCIÓN FÍSICA
Extensión 189 p. ;
Dimensiones 22 cm.
500 ## - NOTA GENERAL
Nota general Precede al tít.: Diputación de Oviedo- Instituto de Estudios Asturianos.
650 #4 - PUNTO DE ACCESO ADICIONAL DE MATERIA--TÉRMINO DE MATERIA
Término de materia o nombre geográfico como elemento de entrada Dialecto leonés.
9 (RLIN) 163592
700 0# - ENTRADA AGREGADA--NOMBRE PERSONAL
Nombre de persona Bobes Naves, María del Carmen.
9 (RLIN) 29647
710 2# - ENTRADA AGREGADA--NOMBRE DE ENTIDAD CORPORATIVA
Nombre de entidad corporativa o nombre de jurisdicción como elemento de entrada Instituto de Estudios Asturianos.
9 (RLIN) 4889
852 ## - LOCALIZACIÓN
Ubicación ES-MaACL
Número de control de estantería C-21990
Sublocalización o colección R.50760
Holdings
Estatus retirado Estado de pérdida Estado de daño No para préstamo Biblioteca de origen Biblioteca actual Ubicación en estantería Fecha de adquisición Fuente de adquisición Total de préstamos Signatura topográfica completa Código de barras Visto por última vez Precio de reemplazo Tipo de ítem Koha
        Biblioteca del Ateneo de Madrid Biblioteca del Ateneo de Madrid Galería 17/01/2008     C-21990 1106760 23/02/2023 23/02/2023 Libro impreso